Možnosť využitia daňovej výzvy správcom dane

Správca dane fakultatívne môže využiť daňovú výzvu, pokiaľ tak uzná za vhodné. Pokiaľ daňový subjekt nepodá daňové priznanie v termíne podľa právnej úpravy, správca dane mu zašle výzvu na jeho podanie. V rámci výzvy správca dane určí daňovému subjektu aj lehotu, v ktorej má požadovaný úkon vykonať....

Full description

Saved in:
Bibliographic Details
Main Author: Hrtánek, Ladislav
Format: Book Chapter
Language:Slovak
Subjects:
Tags: Add Tag
No Tags, Be the first to tag this record!

MARC

LEADER 00000naa a2200000 4500
001 0310796
005 20250613123615.5
041 0 |a slo 
044 |a SK 
245 1 0 |a Možnosť využitia daňovej výzvy správcom dane  |c Ladislav Hrtánek 
520 |a Správca dane fakultatívne môže využiť daňovú výzvu, pokiaľ tak uzná za vhodné. Pokiaľ daňový subjekt nepodá daňové priznanie v termíne podľa právnej úpravy, správca dane mu zašle výzvu na jeho podanie. V rámci výzvy správca dane určí daňovému subjektu aj lehotu, v ktorej má požadovaný úkon vykonať. Taktiež správca dane vyzve daňový subjekt na odstránenie nedostatkov daňového priznania. Správca dane môže vyzvať daňového dlžníka aj na úhradu daňového nedoplatku, ktorý v jeho prípade vznikol. 
610 2 0 |a dane 
610 2 0 |a správa daňová 
610 2 0 |a subjekty daňové 
610 2 0 |a priznania daňové 
610 2 0 |a dlžníci 
610 2 0 |a nedoplatky 
610 2 0 |a legislatíva 
100 1 |a Hrtánek, Ladislav